|
|
|
|
| LEADER |
00000ngm a2200000 a 4500 |
| 001 |
vtls009627623 |
| 003 |
SK-MaSNL |
| 005 |
20260301082408.0 |
| 007 |
vd cvaizs |
| 008 |
090714s2009 xo 091 e vleng |
| 040 |
|
|
|a SNK
|b slo
|c SNK
|e AACR2
|
| 041 |
1 |
|
|a eng
|a cze
|b cze
|h eng
|
| 044 |
|
|
|a xo
|c SK
|
| 072 |
|
7 |
|a 791
|x Film. Cirkus. Ľudová zábava
|2 konspekt
|
| 080 |
|
|
|a 791.221.5
|2 2001
|
| 080 |
|
|
|a (0.034.44)
|2 2001
|
| 130 |
0 |
|
|a Inferno
|l Česky
|9 407264
|
| 245 |
1 |
0 |
|a Ohnivé inferno
|h videozáznam
|c [réžia] Dusty Nelson
|
| 260 |
|
|
|a Bratislava
|b Intersonic
|c 2009
|
| 300 |
|
|
|a 1 videodisk (DVD) (91 min.)
|b zvuk DD 2.0, fareb., PAL 4:3
|c 12 cm
|
| 500 |
|
|
|a Vyšlo ako príloha dvojtýždenníka DVD HIT č. 1/2009
|
| 500 |
|
|
|a Názov z obalu
|
| 521 |
8 |
|
|a Mládeži do 18 r. nevhodné
|
| 546 |
|
|
|a V originálnom angl. znení, obsahuje čes. dabing
|
| 650 |
0 |
7 |
|a hrané filmy
|2 SNKPH
|9 68885
|
| 650 |
0 |
7 |
|a filmové drámy
|2 SNKPH
|9 320128
|
| 655 |
|
7 |
|a DVD
|2 SNKPH
|9 70751
|
| 700 |
1 |
|
|a Nelson, Dusty
|4 drt
|9 407265
|
| 999 |
|
|
|c 658397
|d 660327
|
| 952 |
|
|
|a SNK
|b SNK
|y PREZ
|7 0
|p 17A0625491
|o snkSDVD 523
|i snk2009/12805
|8 0
|0 0
|1 0
|4 0
|d 2009-07-14
|l 0
|r 2026-02-23 18:44:51
|w 2026-02-23
|